000 00590nam a22002417a 4500
003 UA-OsUOA
001 30275
007 ta
008 20041108b un ||||| |||| 00| 0 ukr d
100 _aКиричок П.
090 _a929:821(477)
_bК43
942 _cBK
040 _aUA-OsUOA
_bukr
_cUA-OsUOA
_dUA-OsUOA
245 _aМарко Кропивницький (Життя і творчість)
300 _a144 с.
955 _a0
041 _aukr
080 _a929:821(477)
260 _aКиїв
_bДніпро
_c1968
044 _aUA
650 7 _2UDC
999 _c316683
_d316683